02194nam a2200373uu 4500001000800000005001700008007001000025008004100035035001200076040001300088041000800101080000900109082000800118100005600126245007300182260003900255300001300294520073600307650003801043650002901081650002701110650005701137650004001194650003801234700005201272700005601324856006101380942001001441999001901451502001201470526000801482952016701490952016301657147243520260508092207.0co|||||||170901s2017 spa  a1472435 ccomduadb aspa aT/CD 4a15710aFlórez Restrepo, Cristian Mateo4auteaut967913510aTerapia grupal, modelo de A. Beck y depresión : un relacionamiento aMedellín :bAutores (as),c2017. a1 CD-ROM3 aEn el presente trabajo de grado se aborda la intervención grupal para el trastorno depresivo a partir del análisis de dos guías de intervención específicas: el Programa para la terapia cognitiva de grupos, presentado por Steven D. Hollon y Brian F. Shaw, y el Manual de terapia de grupo para el tratamiento cognitivo-conductual de depresión, elaborado por Ricardo F. Muñoz, Sergio Aguilar y John Guzmán, comparando su construcción con el postulado teórico de Aaron Beck sobre la depresión, identificando los posibles vacíos teóricos y oportunidades de mejora que presentan, para posteriormente proponer una discusión en torno a recomendaciones que permitan potencializar la intervención psicológica. aDepresión (Psicología)919795 7aPsicoterapia2lemb92359 aTerapia grupal9150578 aConducta - Aspectos cognitivos y emocionales9197599 aIntervención psicológica969689 7aTerapia cognitiva2armarc910544210aJiménez Arcila, Ana Lucía4auteaut967793410aRamírez Pérez, María Helena4thseths94019154 uhttps://bibliotecadigital.udea.edu.co/handle/10495/14302 cTESIS c769395d769395 b105c12 a106 001040708TESDIGBCaBCbBCd2017-09-01eMaterial adquirido por donacióniC1267425l0o157.38 F645 CD-ROMp1036731r2023-05-04 00:00:00t1w2023-05-04yDIGITAL 001040708DIGITALaCISHbCISHd2017-09-06eMaterial adquirido por donacióniC1267673l0oT/CD-12421p15987890r2023-05-04 00:00:00t2w2023-05-04yDIGITAL